| 000 -LEADER |
| fixed length control field |
00547cam a22002055i 4500 |
| 005 - DATE AND TIME OF LATEST TRANSACTION |
| control field |
20200310120821.0 |
| 008 - FIXED-LENGTH DATA ELEMENTS--GENERAL INFORMATION |
| fixed length control field |
141016s2015 ohu 000 0 eng |
| 020 ## - INTERNATIONAL STANDARD BOOK NUMBER |
| International Standard Book Number |
9781305081567 |
| 040 ## - CATALOGING SOURCE |
| Original cataloging agency |
DLC |
| Language of cataloging |
eng |
| Description conventions |
rda |
| Transcribing agency |
DLC |
| 042 ## - AUTHENTICATION CODE |
| Authentication code |
pcc |
| 082 ## - DEWEY DECIMAL CLASSIFICATION NUMBER |
| Classification number |
624.15 |
| Item number |
DAS |
| 100 1# - MAIN ENTRY--PERSONAL NAME |
| Personal name |
Das, M. Braja. |
| 245 10 - TITLE STATEMENT |
| Title |
Principles of foundation engineering : |
| Remainder of title |
8th edition / |
| Statement of responsibility, etc |
Braja M. Das. |
| 250 ## - EDITION STATEMENT |
| Edition statement |
Si edition. |
| 263 ## - PROJECTED PUBLICATION DATE |
| Projected publication date |
1501 |
| 300 ## - PHYSICAL DESCRIPTION |
| Extent |
pages cm |
| 906 ## - LOCAL DATA ELEMENT F, LDF (RLIN) |
| a |
0 |
| b |
ibc |
| c |
orignew |
| d |
2 |
| e |
epcn |
| f |
20 |
| g |
y-gencatlg |
| 942 ## - ADDED ENTRY ELEMENTS (KOHA) |
| Source of classification or shelving scheme |
|
| 955 ## - COPY-LEVEL INFORMATION (RLIN) |
| Classification number, CCAL (RLIN) |
pc22 2014-10-16 |